Organització i funcionament de centres docents : Curs 2000 - 2001 : Educació infantil i primària i Ensenyament secundari Curs 2000 - 2001 :
Descripción Física:
148 p ; 29,7 cm
MARC
| LEADER | 00000nam a2200000Ia 4500 | ||
|---|---|---|---|
| 001 | 12832 | ||
| 008 | 160829s2000 xx 000 0 cat d | ||
| 080 | |a E-1-177 | ||
| 110 | |a Barcelona (Catalunya : Província). |b Servei d'Educació |9 53476 | ||
| 245 | |a Organització i funcionament de centres docents : |b Curs 2000 - 2001 : |b Educació infantil i primària i Ensenyament secundari | ||
| 260 | |a [Barcelona] : |b Diputació de Barcelona. Area d'Educació. Servei d'Educació, |c 2000 | ||
| 300 | |a 148 p ; |c 29,7 cm | ||
| 590 | |a A la coberta : Normativa curs 2000/2001, v. 2 | ||
| 650 | |a Ensenyament primari |x Catalunya |9 33149 | ||
| 650 | |a Escoles primàries |x Catalunya |x Direcció i administració |9 33150 | ||
| 650 | |a Projecte educatiu |9 39239 | ||
| 901 | |a Arxiu | ||
| 942 | |n 1 | ||
| 952 | |0 0 |1 0 |4 0 |6 E1177 |7 1 |9 46213 |a Arxiu |b Arxiu |d 2016-12-01 |l 0 |o E-1-177 |p 12832 |r 2016-12-01 00:00:00 |w 2016-12-01 |y ARXIU | ||
| 999 | |c 49715 |d 49715 | ||